Visualizzazione normale
Vista MARC
- Barry John
di Personal Name
Records bibliografici associati: 1
001 - CONTROL NUMBER
- control field: 8487
003 - CONTROL NUMBER IDENTIFIER
- control field: IT-RoPau
005 - DATE AND TIME OF LATEST TRANSACTION
- control field: 20140109124435.0
008 - FIXED-LENGTH DATA ELEMENTS
- fixed length control field: 140109|| aca||aabn | a|a d
040 ## - CATALOGING SOURCE
- Original cataloging agency: IT-RoPau
- Transcribing agency: IT-RoPau
100 ## - HEADING--PERSONAL NAME
- Personal name: Barry John
- Relator term: Autore musica
- Miscellaneous information: Codice autore musica SPICS: 10744
- Name of part/section of a work: Midnight Cow Boy
670 ## - SOURCE DATA FOUND
- Source citation: Work cat.: (IT-RoPau)98984: AA.VV. 794, Quanto ti amo